000 00879nam a22002537a 4500
005 20180308123233.0
010 _aENG-109773
020 _a9789382730019
_c995.00
035 _aEN-93306
035 _aB-536718
035 _aB-667695
037 _bDBAD/PUB
037 _bKKP/Ven
_adpl
082 _a025.1
100 _aDhandar, Sangita
245 0 0 _aFundamentals of library management /
_cby Sangita Dhandar
260 _aKanpur
_bGarima Prakashan
_c2013
270 _a1st floor, Mayur Park, Basant Vihar Naubasta
_bKanpur
_e208021
300 _a326p.
_c22cm(Hb)
500 _aIncludes bibliographical references and index
942 _2ddc
_cEN
_mDHA
_h025.1
999 _c83705
_d83705